Vyznanie lásky domovine

Bibliographic Details
Main Author: Buzoga, Michal, 1933- (Author)
Format: Article
Language:Slovak
PhysicalDescription:Obr. 10.
Subjects:

MARC

LEADER 00000nab a2200000 a 4500
001 vtls000137220
003 SK-MaSNL
005 20260303202636.0
008 111104c1982 xo 0 slo
015 |a SNBRB19rr/mm-uuuuu 
035 |a CL0147326 
040 |a SNKBUCL  |b slo  |c SNKBUCL  |e AACR2 
041 0 |a slo 
044 |a xo  |c SK 
080 |a 069.6.02:73/76  |2 1981 
100 1 |a Buzoga, Michal,  |d 1933-  |4 aut  |9 38790 
245 1 0 |a Vyznanie lásky domovine  |c Michal Buzoga 
300 |b Obr. 10. 
610 2 7 |a Múzeum Martina Benku  |2 snkbucl  |9 35658 
651 7 |a 5306  |2 snkbucl  |9 893716 
655 7 |a články z novín a časopisov  |2 snkbucl  |9 267496 
773 0 |t Život  |g Roč. 32, č. 50 (1982), s. 31-34 
850 |a Slovenská národná knižnica v Martine  |a MTA001 
852 |a SNK  |b KIS3GCP 
958 |a RK 
992 |a RBX 
999 |c 2180921  |d 2182851